2025 NCAA Tournament Teams - Statistics

General Stats
  • This quiz has been taken 22 times
  • The average score is 50 of 68
Answer Stats
Hint Answer % Correct
East 2 Alabama
100%
South 1 Auburn
100%
East 1 Duke
100%
South 5 Michigan
100%
South 2 Michigan State
100%
South 11 North Carolina
100%
Midwest 4 Purdue
100%
Midwest 11 Texas
100%
West 1 Florida
92%
Midwest 9 Georgia
92%
Midwest 6 Illinois
92%
South 3 Iowa State
92%
Midwest 3 Kentucky
92%
South 8 Louisville
92%
South 6 Ole Miss
92%
West 3 Texas Tech
92%
West 8 UConn
92%
East 4 Arizona
85%
East 6 BYU
85%
South 9 Creighton
85%
Midwest 1 Houston
85%
West 7 Kansas
85%
West 6 Missouri
85%
East 5 Oregon
85%
Midwest 2 Tennessee
85%
South 4 Texas A&M
85%
Midwest 7 UCLA
85%
East 10 Vanderbilt
85%
East 3 Wisconsin
85%
West 10 Arkansas
77%
East 9 Baylor
77%
Midwest 5 Clemson
77%
West 12 Colorado State
77%
Midwest 8 Gonzaga
77%
South 7 Marquette
77%
East 8 Mississippi State
77%
South 10 New Mexico
77%
West 9 Oklahoma
77%
West 2 St. John's
77%
Midwest 10 Utah State
77%
West 4 Maryland
69%
Midwest 12 McNeese
69%
West 5 Memphis
69%
South 11 San Diego State
69%
East 7 St. Mary's
69%
South 13 Yale
69%
East 13 Akron
62%
West 11 Drake
62%
West 13 Grand Canyon
62%
East 14 Montana
62%
East 15 Robert Morris
62%
South 16 Saint Francis
62%
Midwest 13 High Point
54%
West 15 Omaha
54%
Midwest 16 SIU Edwardsville
54%
Midwest 14 Troy
54%
East 11 VCU
54%
Midwest 11 Xavier
54%
South 16 Alabama State
46%
South 15 Bryant
46%
East 16 Mount St. Mary's
46%
Midwest 15 Wofford
46%
East 16 American
38%
East 12 Liberty
38%
West 16 Norfolk State
38%
South 12 UC San Diego
38%
West 14 UNC Wilmington
38%
South 14 Lipscomb
31%
No matching quizzes found
Score Distribution
Percent of People with Each Score
Percentile by Number Answered
Your Score History
You have not taken this quiz